000 00646nam a2200181Ia 4500
008 151018s9999 xx 000 0 und d
082 _bRBASDV39113
_a910.4
100 _aसुर्यकांत कुलकर्णी
245 _aहिमकोंदणातील हिरा
250 _b1
260 _bक्ष
_c1998
300 _a132
600 _aसुर्यकांत कुलकर्णी
630 _aहिमकोंदणातील हिरा
700 _aसुर्यकांत कुलकर्णी
730 _aहिमकोंदणातील हिरा
942 _cBOOK
999 _c1038443
_d1038440